00333nam a2200121Ia 4500008004100000245007000041260001700111260000900128300000900137650002300146650001200169856003000181170516s9999 xx 000 0 und d 2aA Quick Responsive Fluorogenic pH Probe for Ovarian Tumor Imaging bTheranostics c2015 a5:10 xMedical Technology xMedtech uhttp://www.thno.org/v5i10